Modern portfolio theory and investment analysis (Record no. 617284)

MARC details
000 -LEADER
fixed length control field 00913nam a2200277Ia 4500
003 - CONTROL NUMBER IDENTIFIER
control field OSt
005 - DATE AND TIME OF LATEST TRANSACTION
control field 20260202145708.0
008 - FIXED-LENGTH DATA ELEMENTS--GENERAL INFORMATION
fixed length control field 220923b |||||||| |||| 00| 0 eng d
020 ## - INTERNATIONAL STANDARD BOOK NUMBER
International Standard Book Number 9788126528141
037 ## - SOURCE OF ACQUISITION
Terms of availability General Book
040 ## - CATALOGING SOURCE
Original cataloging agency RTL
Transcribing agency RTL
Language of cataloging eng
041 ## - LANGUAGE CODE
Source of code eng
Language code of text/sound track or separate title eng
084 ## - COLON CLASSIFICATION NUMBER
Classification number X65:8 M1;Q0/TD
Assigning agency RTL
100 ## - MAIN ENTRY--PERSONAL NAME
Personal name Elton Edwin J.
9 (RLIN) 266806
245 #0 - TITLE STATEMENT
Title Modern portfolio theory and investment analysis
250 ## - EDITION STATEMENT
Edition statement 8th
260 ## - PUBLICATION, DISTRIBUTION, ETC.
Place of publication, distribution, etc. New Delhi
Name of publisher, distributor, etc. Wiley India
Date of publication, distribution, etc. 2010
300 ## - PHYSICAL DESCRIPTION
Extent xviii,727 p.
Other physical details includes bibliographical references and index
500 ## - GENERAL NOTE
General note Bibliography chapterwise
650 ## - SUBJECT ADDED ENTRY--TOPICAL TERM
Topical term or geographic name entry element Economics
9 (RLIN) 1113175
700 ## - ADDED ENTRY--PERSONAL NAME
Personal name Gruber, Martin J.
9 (RLIN) 1113176
700 ## - ADDED ENTRY--PERSONAL NAME
Personal name Goetzmann, William N.
9 (RLIN) 1113177
700 ## - ADDED ENTRY--PERSONAL NAME
Personal name Brown, Stephen J.
9 (RLIN) 1113178
942 ## - ADDED ENTRY ELEMENTS (KOHA)
Classification part X65:8, M1;Q0/TD
Koha item type Textual
Source of classification or shelving scheme Colon Classification (CC)
Suppress in OPAC No
Holdings
Withdrawn status Lost status Source of classification or shelving scheme Damaged status Not for loan Home library Current library Date acquired Source of acquisition Cost, normal purchase price Total Checkouts Full call number Barcode Date last seen Cost, replacement price Price effective from Koha item type
    Colon Classification (CC)     Ratan Tata Library Ratan Tata Library 2022-09-26 RKBA\09-10\4658, 15/06/2012, RAJKIRAN BOOK AGENCY 424.15   X65:8 M1;Q0/TD RT1460633 2022-09-26 424.15 2022-09-26 Textbook
Copyright @ Delhi University Library System